000 00213 a2200097 4500
001 55457
100 _a
245 _aNumerical analysis
260 _aNew Delhi
_bScience P.B
_c2007
090 _c34415
_d34415
942 _aNUST-CAE
_cMONOGRAPH
_c27131
999 _c290530
_d290530